Intervención de enfermería en la nutrición del paciente crítico en la revisión integrativa (Registro nro. 587)
[ vista simple ]
| 000 -LEADER | |
|---|---|
| fixed length control field | 03632nam a2200277Ia 4500 |
| 003 - CONTROL NUMBER IDENTIFIER | |
| control field | CO-CtgCURN |
| 005 - DATE AND TIME OF LATEST TRANSACTION | |
| control field | 20250719154851.0 |
| 008 - FIXED-LENGTH DATA ELEMENTS--GENERAL INFORMATION | |
| fixed length control field | 220517s2021 xx 000 0 und d |
| 040 ## - CATALOGING SOURCE | |
| Original cataloging agency | CO-CtgCURN |
| Language of cataloging | spa |
| Transcribing agency | coctgcurn |
| 082 ## - DEWEY DECIMAL CLASSIFICATION NUMBER | |
| Classification number | ENF 2021 |
| Item number | M672i |
| 100 ## - MAIN ENTRY--PERSONAL NAME | |
| Personal name | Miranda Díaz, Cindy Paola |
| Relator term | autora |
| 9 (RLIN) | 5759 |
| 245 #0 - TITLE STATEMENT | |
| Title | Intervención de enfermería en la nutrición del paciente crítico en la revisión integrativa |
| Medium | [electronic resource] / |
| Statement of responsibility, etc. | Cindy Paola Miranda Díaz; Keila Beatriz Morales Herrera; tutor., William Flórez Guzmán |
| 260 ## - PUBLICATION, DISTRIBUTION, ETC. | |
| Place of publication, distribution, etc. | Barranquilla, Atlántico : |
| Name of publisher, distributor, etc. | Corporación Universitaria Rafael Núñez, |
| Date of publication, distribution, etc. | 2021 |
| 300 ## - PHYSICAL DESCRIPTION | |
| Extent | 1 recurso en línea (56 páginas (PDF)) : |
| Other physical details | ilustraciones |
| 502 ## - DISSERTATION NOTE | |
| Dissertation note | Trabajo de Grado (Enfermera). Corporación Universitaria Rafael Núñez. Facultad de Ciencias de la Salud. Programa de Enfermería, 2021 |
| 504 ## - BIBLIOGRAPHY, ETC. NOTE | |
| Bibliography, etc. note | Incluye referencias bibliográficas |
| 520 ## - SUMMARY, ETC. | |
| Summary, etc. | Determinar la relación entre intervenciones de enfermería y la nutrición del paciente crítico, mediante una búsqueda activa de artículos científicos, bajo la metodología integrativa de la literatura. Según la OMS la desnutrición es el estado patológico resultante de una dieta deficiente en uno o varios nutrientes esenciales o de una inadecuada absorción de los mismos. La desnutrición en el ámbito hospitalario constituye un problema importante por su prevalencia y morbilidad asociados. En las Unidades de Cuidados Intensivos (UCI) el problema de la desnutrición repercute desfavorablemente sobre la evolución del paciente, y ésta puede afectar hasta un 50% o más de los pacientes atendidos en ellas, el enfermo experimenta numerosas complicaciones durante la estancia en la unidad, producto tanto de la agresión sufrida como de los trastornos nutricionales que aparecen en el curso de la respuesta del organismo a la agresión. La desnutrición es definida como una afección que se presenta cuando el cuerpo no recibe los nutrientes suficientes para realizar de manera óptima sus procesos metabólicos y fisiológicos, es en sí una causa de la alteración en la homeostasis. La nutrición en pacientes críticamente enfermos es de suma importancia, sin embargo, continúa siendo un aspecto que no se está aplicando. A nivel mundial, del 19% al 80% de los pacientes están desnutridos en el momento del ingreso al hospital y una gran parte de estos se complica su estado de salud durante la hospitalización, de tal forma que hasta el 75% pueden perder peso (5). Por otra parte, el estudio Latinoamericano de Nutrición (ELAN), realizado en 12 países (Argentina, Brasil, Chile, Costa Rica, Cuba, México, Panamá, Perú, Paraguay, República Dominicana, Venezuela y Uruguay) demostró que aproximadamente 50,2 % de la población hospitalizada (9233 estudiados) presentó algún tipo de malnutrición (12,6 % malnutridos graves y 37,6 % moderados). La malnutrición grave varió entre 4,6 % en Chile, hasta 18 % en Costa Rica. La malnutrición moderada y sospecha de malnutrición leve entre 28,9 % en Cuba, hasta 57 % en República Dominicana. |
| 521 ## - TARGET AUDIENCE NOTE | |
| Target audience note | AREA PROFESIONAL |
| 590 ## - LOCAL NOTE (RLIN) | |
| Local note | Programa de Enfermería_27 |
| 650 ## - SUBJECT ADDED ENTRY--TOPICAL TERM | |
| Topical term or geographic name entry element | Enfermería |
| Form subdivision | Tesis y disertaciones académicas |
| 9 (RLIN) | 5760 |
| 700 ## - ADDED ENTRY--PERSONAL NAME | |
| Personal name | Flórez Guzmán, William |
| Relator term | tutor |
| 9 (RLIN) | 5761 |
| 700 ## - ADDED ENTRY--PERSONAL NAME | |
| Personal name | Morales Herrera, Keila Beatriz |
| Relator term | autora |
| 9 (RLIN) | 5762 |
| 856 ## - ELECTRONIC LOCATION AND ACCESS | |
| Uniform Resource Identifier | <a href="https://unicurn.sharepoint.com/:b:/s/biblioteca/EfDDzlTO1VVHlW7RVOisnVgBDxiBc-xd0xBBC-tquC3utA?e=Ee9LQj">https://unicurn.sharepoint.com/:b:/s/biblioteca/EfDDzlTO1VVHlW7RVOisnVgBDxiBc-xd0xBBC-tquC3utA?e=Ee9LQj</a> |
| Link text | Consulte aquí el texto completo |
| 942 ## - ADDED ENTRY ELEMENTS (KOHA) | |
| Koha item type | Trabajos de grado |
| Classification part | ENF 2021 |
| Item part | M672i |
| Source of classification or shelving scheme | Dewey Decimal Classification |
| Suppress in OPAC | No |
| Withdrawn status | Lost status | Source of classification or shelving scheme | Damaged status | Not for loan | Collection | Home library | Current library | Shelving location | Date acquired | Inventory number | Total checkouts | Full call number | Barcode | Date last seen | Copy number | Price effective from | Koha item type |
|---|---|---|---|---|---|---|---|---|---|---|---|---|---|---|---|---|---|
| Dewey Decimal Classification | Trabajos de grado | Miguel Henríquez Castañeda Barranquilla | Miguel Henríquez Castañeda Barranquilla | Trabajo de grado | 12/09/2021 | 05082 | ENF 2021 M672i | 05082 | 05/17/2022 | ej.1 | 05/17/2022 | Trabajos de grado |